00444 a2200109 4500001001000000005001700010008004100027245011100068100002900179773010900208999001700317ART_1619820260410161853.0260409a 10aJuicios al mal radical Crímenes de lesa humanidad y justicia en la transición democrática argentina1 aDouglas Price, José E.0 tFilosofía del derechogCuestiones epistemológica y normativas - Año I, Nº 2 (dic. 2012)wREV10449 c25183d25183